MARC

LEADER 00000nam0a2200000 4500
001 217090
005 20231101230104.0
010 |a 0521686237 
035 |a (RuTPU)RU\TPU\book\237067 
090 |a 217090 
100 |a 20120531d2006 m y0engy50 ba 
101 0 |a eng 
102 |a GB 
105 |a a z 000ay 
200 1 |a Different World  |f M. Jonson 
210 |a Cambridge  |c Cambridge University Press  |d 2006 
215 |a 47 p.  |c il. 
225 1 |a Cambridge English Readers  |v Level 2 
606 1 |a Английский язык  |x Учебные руководства и пособия  |x Хрестоматии, книги для чтения  |2 stltpush  |3 (RuTPU)RU\TPU\subj\29075  |9 52487 
610 1 |a английская литература 
610 1 |a любовь 
610 1 |a романы 
686 |a Ш143.21-923.8  |v LBC/SL-A  |2 rubbk 
700 1 |a Jonson  |b M.  |g Margaret 
801 1 |a RU  |b 63413507  |c 20120531 
801 2 |a RU  |b 63413507  |c 20120608  |g RCR 
942 |c BK